000 01392 a2200217 4500
001 27441
005 20260407155549.0
008 260407a1972 arg spa d
003 AR-UNSa-BCEJYS
040 _aAR-UNSa-BCEJYS
_bspa
_cAR-UNSa-BCEJYS
080 _a658.51
_xOrganización de la producción
245 1 0 _aAdministración de producción
_psistemas y síntesis
020 _a0-13-005108-X
264 1 _aNew Jersey :
_bPrentice/Hall Internacional
_c1972
300 _a540 p.
_c24 cm.
505 _aParte I: Modelos del sistema de producción: 1. El concepto de sistemas - 2. Modelos del sistema - 3. Modelos de decisión - 4. Modelos de planeación de proyectos - 5. Modelos de control: pronóstico y retroalimentación - Parte II: Administración de entrada - Salida: 6. Administración de la infromación - 7. Administración del producto - 8. Administración del proceso - 9. Administración de materiales - 10. Administración de la calidad - 11. Administración de instalaciones: planta y equipo - 12. Administración de mano de obra - Parte III: Sintesis de sistemas: 13. Breve historia de la administración de producción - 14. El contexto financiero de las decisiones en la administración de producción - 15. La interacción mercadeo- producción.
942 _cBK
590 _aniveau_biblio:m niveau_hierar:0
100 1 _aStarr, Martín K.
700 1 _aPardo R., Jaime
999 _c1590
_d1590